[Event "Sachsen-ch U14"]
[Site "Sebnitz"]
[Date "2006.04.20"]
[Round "4"]
[White "Park, Johannes"]
[Black "Hasenclever, Leonard"]
[Result "1/2-1/2"]
[WhiteElo "1642"]
[BlackElo "1547"]
[PlyCount "48"]
[EventDate "2006.04.18"]
[EventType "swiss"]
[EventRounds "7"]
[EventCountry "GER"]
[SourceTitle "EXT 2007"]
[Source "ChessBase"]
[SourceDate "2006.11.23"]
[SourceVersion "1"]
[SourceVersionDate "2006.11.23"]
[SourceQuality "1"]

1. d4 Nf6 2. c4 c5 3. Nf3 g6 4. Nc3 b6 5. Bg5 Bg7 6. e4 Bb7 7. d5 0-0 8. Qd2 Re8 9. 0-0-0 d6 10. Ne1 Nbd7 11. f3 a6 12. Be2 Qc7 13. Nd3 Nh5 14. g4 Nhf6 15. Bh6 Rad8 16. h4 e6 17. Bxg7 Kxg7 18. h5 exd5 19. exd5 Ne5 20. b3 Bc8 21. Nf2 Kg8 22. Nfe4 Nxe4 23. Nxe4 Qe7 24. Ng3 Nd7 1/2-1/2

[Event "Sachsen-ch U14"]
[Site "Sebnitz"]
[Date "2005.03.31"]
[Round "5"]
[White "Hasenclever, Leonard"]
[Black "Wueller, Moritz"]
[Result "1/2-1/2"]
[WhiteElo "1543"]
[BlackElo "1420"]
[PlyCount "116"]
[EventDate "2005.03.29"]
[EventType "swiss"]
[EventRounds "7"]
[EventCountry "GER"]
[SourceTitle "EXT 2007"]
[Source "ChessBase"]
[SourceDate "2006.11.23"]
[SourceVersion "1"]
[SourceVersionDate "2006.11.23"]
[SourceQuality "1"]

1. e4 d5 2. exd5 Nf6 3. Nc3 Nxd5 4. Bc4 Nb6 5. Bb3 Nc6 6. Nf3 Bg4 7. Bxf7+ Kd7 8. h3 Bxf3 9. Qxf3 e6 10. Qd3+ Bd6 11. Bh5 Qh4 12. Bd1 Rhf8 13. 0-0 Ne5 14. Qe2 Nf3+ 15. Kh1 Qf4 16. g3 Qh6 17. Kg2 Qg6 18. Ne4 Nd5 19. Qb5+ Ke7 20. d3 Nh4+ 21. Kg1 h6 22. Bg4 Nf3+ 23. Kg2 Ne5 24. Nxd6 Nxg4 25. hxg4 Kxd6 26. Qc4 c6 27. Qe4 Qf6 28. d4 Rae8 29. c4 Nc7 30. Qf4+ Kd7 31. Qxf6 Rxf6 32. Bf4 b5 33. b3 a6 34. g5 hxg5 35. Bxg5 Rf5 36. Bf4 c5 37. Rad1 Kc6 38. Rfe1 cxd4 39. Bxc7 Kxc7 40. Rxd4 e5 41. Rd5 bxc4 42. bxc4 g5 43. f3 Ref8 44. Re3 g4 45. Rdxe5 Rxf3 46. Rxf3 Rxf3 47. Re6 Ra3 48. Re4 Rxa2+ 49. Kf1 Kc6 50. Rxg4 Kc5 51. Re4 a5 52. g4 a4 53. g5 a3 54. Re3 Ra1+ 55. Ke2 Kxc4 56. g6 a2 57. g7 Re1+ 58. Kf2 Rf1+ 1/2-1/2

[Event "Sachsen-ch U14"]
[Site "Sebnitz"]
[Date "2005.03.30"]
[Round "3"]
[White "Boos, Philipp"]
[Black "Hasenclever, Leonard"]
[Result "1/2-1/2"]
[WhiteElo "1434"]
[BlackElo "1543"]
[PlyCount "110"]
[EventDate "2005.03.29"]
[EventType "swiss"]
[EventRounds "7"]
[EventCountry "GER"]
[SourceTitle "EXT 2007"]
[Source "ChessBase"]
[SourceDate "2006.11.23"]
[SourceVersion "1"]
[SourceVersionDate "2006.11.23"]
[SourceQuality "1"]

1. d4 Nf6 2. c4 c5 3. d5 b5 4. f3 d6 5. e4 g6 6. cxb5 a6 7. b6 Qxb6 8. Bd3 Bg7 9. Ne2 0-0 10. Nbc3 Nbd7 11. Bc4 Ne5 12. Bd3 Bd7 13. Be3 Bb5 14. Nxb5 axb5 15. 0-0 Qa6 16. Qd2 Rfc8 17. Kh1 Ned7 18. a4 c4 19. Bc2 bxa4 20. Rxa4 Qb5 21. Nd4 Qxb2 22. Rb1 Qxb1+ 23. Bxb1 Rxa4 24. Nc6 Kf8 25. Qc2 Raa8 26. Bd4 Nb8 27. Qxc4 Nxc6 28. dxc6 Ne8 29. Ba2 e6 30. Bxg7+ Kxg7 31. h3 Rc7 32. Qc3+ Kg8 33. Bb3 Ra6 34. Qb2 Raxc6 35. Ba4 Rc1+ 36. Kh2 Ng7 37. Qb8+ Rc8 38. Qxd6 Ne8 39. Qa3 R1c3 40. Qb2 Nd6 41. Qb4 R3c4 42. Qxd6 Rxa4 43. Qd7 Rac4 44. Qd6 h5 45. h4 R4c6 46. Qd7 Rc5 47. Qd6 Kg7 48. Qd4+ e5 49. Qd6 R8c6 50. Qe7 Ra5 51. Qd7 Re6 52. Qd2 Rea6 53. Qc2 f6 54. Qc7+ Kh6 55. Qd8 Kg7 1/2-1/2

[Event "Sachsen-ch U14"]
[Site "Sebnitz"]
[Date "2005.03.29"]
[Round "1"]
[White "Kamrla, Robin"]
[Black "Hasenclever, Leonard"]
[Result "0-1"]
[WhiteElo "1284"]
[BlackElo "1543"]
[PlyCount "62"]
[EventDate "2005.03.29"]
[EventType "swiss"]
[EventRounds "7"]
[EventCountry "GER"]
[SourceTitle "EXT 2007"]
[Source "ChessBase"]
[SourceDate "2006.11.23"]
[SourceVersion "1"]
[SourceVersionDate "2006.11.23"]
[SourceQuality "1"]

1. e4 c5 2. Nf3 d6 3. d4 cxd4 4. Nxd4 Nf6 5. Nc3 g6 6. f4 Nc6 7. Bb5 Bd7 8. Bxc6 bxc6 9. 0-0 Bg7 10. Re1 Qb6 11. Kh1 Ng4 12. Re2 Bxd4 13. Na4 Qb4 14. c3 Bxc3 15. Nxc3 Qc5 16. Qe1 0-0 17. h3 Nf6 18. e5 Nd5 19. exd6 Nxc3 20. dxe7 Nxe2 21. exf8Q+ Rxf8 22. Qxe2 Re8 23. Qf1 Be6 24. b3 Qc3 25. Ba3 Bf5 26. Rc1 Qa5 27. Bd6 Qxa2 28. Qf3 Be4 29. Qg3 Bd5 30. Be5 Re6 31. Rg1 f6 0-1

[Event "GER-chT U12"]
[Site "Verden"]
[Date "2004.12.28"]
[Round "3.3"]
[White "Boernsen, Frederick"]
[Black "Hasenclever, Leonard"]
[Result "0-1"]
[WhiteElo "1312"]
[BlackElo "1488"]
[PlyCount "104"]
[EventDate "2004.12.27"]
[EventType "team-swiss"]
[EventRounds "7"]
[EventCountry "GER"]
[SourceTitle "EXT 2006"]
[Source "ChessBase"]
[SourceDate "2005.11.24"]
[SourceVersion "1"]
[SourceVersionDate "2005.11.24"]
[SourceQuality "1"]

1. e4 c5 2. Nf3 d6 3. Bb5+ Bd7 4. c4 Bxb5 5. cxb5 Nf6 6. Nc3 Nbd7 7. 0-0 g6 8. d3 Bg7 9. a4 0-0 10. a5 e6 11. Bg5 Qe8 12. Re1 b6 13. a6 Ne5 14. Bxf6 Bxf6 15. h3 Rd8 16. Qe2 Nxf3+ 17. Qxf3 Bxc3 18. bxc3 Qxb5 19. c4 Qc6 20. Qf6 Qd7 21. Re3 d5 22. exd5 Rde8 23. dxe6 fxe6 24. Qe5 Rf5 25. Qe4 Qd4 26. Qb7 Rf7 27. Qe4 Rf4 28. Qe5 Qxe5 29. Rxe5 Rd4 30. Re3 Kf7 31. f3 Red8 32. Rae1 R8d6 33. Rd1 Rxc4 34. Kf2 Rcd4 35. Ke2 c4 36. g3 cxd3+ 37. Rdxd3 Rxd3 38. Rxd3 Rxd3 39. Kxd3 Ke7 40. Kc4 Kd6 41. Kb5 Kd5 42. f4 e5 43. fxe5 Kxe5 44. Kc6 Ke6 45. Kb7 Kd7 46. h4 b5 47. h5 b4 48. hxg6 hxg6 49. g4 b3 50. g5 b2 51. Ka8 b1Q 52. Kxa7 Kc7 0-1

[Event "GER-chT U12"]
[Site "Verden"]
[Date "2004.12.27"]
[Round "2.3"]
[White "Hasenclever, Leonard"]
[Black "Sanow, Kevin"]
[Result "1-0"]
[WhiteElo "1488"]
[BlackElo "1304"]
[PlyCount "79"]
[EventDate "2004.12.27"]
[EventType "team-swiss"]
[EventRounds "7"]
[EventCountry "GER"]
[SourceTitle "EXT 2006"]
[Source "ChessBase"]
[SourceDate "2005.11.24"]
[SourceVersion "1"]
[SourceVersionDate "2005.11.24"]
[SourceQuality "1"]

1. e4 e6 2. d4 d5 3. e5 c5 4. c3 Nc6 5. Nf3 Qb6 6. a3 f6 7. b4 cxd4 8. cxd4 fxe5 9. dxe5 Nge7 10. Bb2 Nf5 11. Bd3 g6 12. 0-0 Bg7 13. Re1 Bd7 14. Nc3 Qc7 15. Bxf5 gxf5 16. Nb5 Qb8 17. Nd6+ Ke7 18. Ng5 Nxe5 19. Nxf5+ exf5 20. Nf3 Be6 21. Bxe5 Bxe5 22. Nxe5 Qg8 23. Rc1 Rc8 24. Nf3 Qg4 25. Qxd5 Qe4 26. Qd1 Qg4 27. Rxc8 Rxc8 28. h3 Qg6 29. Ne5 Qg5 30. Nd3 Kf6 31. Nc5 Re8 32. Qd4+ Kf7 33. Nxb7 Rg8 34. g3 f4 35. Nd6+ Ke7 36. Ne4 Qh4 37. Qxa7+ Bd7 38. Nc5+ Kf8 39. Nxd7+ Kf7 40. Nc5+ 1-0

[Event "GER-chT U12"]
[Site "Verden an der Aller"]
[Date "2003.12.27"]
[Round "2.4"]
[White "Hasenclever, Leonard"]
[Black "Akhundov, Sattar"]
[Result "0-1"]
[WhiteElo "1222"]
[BlackElo "1148"]
[PlyCount "40"]
[EventDate "2003.12.27"]
[EventType "team-swiss"]
[EventRounds "7"]
[EventCountry "GER"]
[SourceTitle "EXT 2022"]
[Source "ChessBase"]
[SourceDate "2021.10.06"]
[SourceVersion "1"]
[SourceVersionDate "2021.10.06"]
[SourceQuality "1"]
[WhiteTeam "Leipzig Gohlis"]
[BlackTeam "Porz SG"]
[WhiteTeamCountry "GER"]
[BlackTeamCountry "GER"]

1. e4 e5 2. Nf3 Nc6 3. d4 exd4 4. Bc4 Nf6 5. 0-0 Nxe4 6. Re1 d5 7. Bxd5 Qxd5 8. Nc3 Qa5 9. Rxe4+ Be6 10. Nxd4 Nxd4 11. Rxd4 Bc5 12. Re4 0-0 13. a3 Qb6 14. Be3 Bxe3 15. Rxe3 Qxb2 16. Rb1 Qxa3 17. Rxb7 Qd6 18. Qh5 a5 19. Ne4 Qd4 20. Rxc7 Qa1+ 0-1

[Event "Leipzig VfB op 10th"]
[Site "Leipzig"]
[Date "2003.03.16"]
[Round "9"]
[White "Ott, Herbert"]
[Black "Hasenclever, Leonard"]
[Result "1/2-1/2"]
[WhiteElo "1445"]
[BlackElo "1231"]
[PlyCount "41"]
[EventDate "2003.03.11"]
[EventType "swiss"]
[EventRounds "9"]
[EventCountry "GER"]
[SourceTitle "EXT 2008"]
[Source "ChessBase"]
[SourceDate "2007.11.25"]
[SourceVersion "1"]
[SourceVersionDate "2007.11.25"]
[SourceQuality "1"]

1. e4 c5 2. Nf3 d6 3. d4 cxd4 4. Nxd4 Nf6 5. Nc3 g6 6. Be3 Bg7 7. Qd2 Ng4 8. Bg5 0-0 9. f3 Ne5 10. 0-0-0 Nbc6 11. Be3 Bd7 12. Kb1 Rc8 13. Ncb5 a6 14. Nxc6 Rxc6 15. Nd4 Rb6 16. Nb3 Ba4 17. Bxb6 Qxb6 18. Qd4 Qc6 19. Qd5 Qb6 20. Qd4 Qc6 21. Qd5 1/2-1/2

[Event "Leipzig VfB op 10th"]
[Site "Leipzig"]
[Date "2003.03.13"]
[Round "5"]
[White "Herfurth, Thomas"]
[Black "Hasenclever, Leonard"]
[Result "1-0"]
[WhiteElo "1765"]
[BlackElo "1231"]
[PlyCount "53"]
[EventDate "2003.03.11"]
[EventType "swiss"]
[EventRounds "9"]
[EventCountry "GER"]
[SourceTitle "EXT 2008"]
[Source "ChessBase"]
[SourceDate "2007.11.25"]
[SourceVersion "1"]
[SourceVersionDate "2007.11.25"]
[SourceQuality "1"]

1. e4 c5 2. Nf3 d6 3. c3 Nf6 4. d3 e6 5. g3 Nc6 6. Bg2 d5 7. e5 Nd7 8. d4 cxd4 9. cxd4 Bb4+ 10. Nc3 Qb6 11. 0-0 f6 12. exf6 Nxf6 13. a3 Bxc3 14. bxc3 Ne4 15. Qc2 0-0 16. Ng5 Nxg5 17. Bxg5 Bd7 18. Rfe1 Rac8 19. Qb1 Qc7 20. Bf4 Qb6 21. Qxb6 axb6 22. Rab1 Na5 23. Bd6 Rfe8 24. Rxb6 Rxc3 25. Bb4 Nc4 26. Rxb7 Bc6 27. Rc7 1-0

[Event "GER-ch U10"]
[Site "Winterberg"]
[Date "2002.05.23"]
[Round "9"]
[White "Hasenclever, Leonard"]
[Black "Yao, Kelvin"]
[Result "0-1"]
[WhiteElo "1269"]
[BlackElo "1166"]
[PlyCount "68"]
[EventDate "2002.05.19"]
[EventType "swiss"]
[EventRounds "11"]
[EventCountry "GER"]
[SourceTitle "CBM 088 Extra"]
[Source "ChessBase"]
[SourceDate "2002.07.01"]
[SourceVersion "2"]
[SourceVersionDate "2002.07.01"]
[SourceQuality "1"]

1. e4 c6 2. d4 d5 3. exd5 cxd5 4. c4 Nf6 5. Nc3 e6 6. cxd5 Nxd5 7. Nf3 Bb4 8. Bd2 b6 9. Nxd5 Bxd2+ 10. Qxd2 Qxd5 11. Bd3 Bb7 12. 0-0 0-0 13. Qc2 h6 14. Rfe1 Qd6 15. Re5 Nd7 16. Rh5 Rac8 17. Bh7+ Kh8 18. Qd3 Nf6 19. Rh3 Nxh7 20. Ne5 Qd5 21. f3 Ba6 22. Qd2 Kg8 23. Ng4 Qg5 24. Qe1 Nf6 25. Rg3 Nxg4 26. Rxg4 Qd5 27. Qh4 Qd8 28. Qxh6 Qxd4+ 29. Rxd4 gxh6 30. Re1 Rc2 31. Re5 Kh7 32. Rh5 Rg8 33. g3 Rg5 34. Rh3 Rd5 0-1

[Event "Sachsen-ch U10"]
[Site "Sebnitz"]
[Date "2002.04.04"]
[Round "2"]
[White "Park, Johannes"]
[Black "Hasenclever, Leonard"]
[Result "1-0"]
[WhiteElo "1263"]
[BlackElo "1164"]
[PlyCount "73"]
[EventDate "2002.04.??"]
[EventType "swiss"]
[EventRounds "7"]
[EventCountry "GER"]
[SourceTitle "EXT 2003"]
[Source "ChessBase"]
[SourceDate "2002.11.25"]
[SourceVersion "1"]
[SourceVersionDate "2002.11.25"]
[SourceQuality "1"]

1. d4 Nf6 2. c4 c5 3. d5 g6 4. Nc3 d6 5. Nf3 Bg7 6. e3 0-0 7. Bd3 Bg4 8. h3 Bxf3 9. Qxf3 Nbd7 10. 0-0 Ne5 11. Qe2 Nfd7 12. Bd2 Nb6 13. f4 Nxd3 14. Qxd3 a6 15. e4 Nd7 16. f5 Ne5 17. Qe2 Qd7 18. fxg6 hxg6 19. Rac1 Rfb8 20. a4 e6 21. b3 b6 22. Bg5 Rf8 23. Bf6 Bxf6 24. Rxf6 Qe7 25. Rcf1 Rfd8 26. dxe6 Kf8 27. exf7 Nxf7 28. Nd5 Qb7 29. Qf3 Ra7 30. Nxb6 Qxb6 31. Rxf7+ Ke8 32. Rf8+ Kd7 33. Qf7+ Kc8 34. Rxd8+ Kxd8 35. Qf8+ Kc7 36. Rf7+ Kc6 37. Qe8+ 1-0